000 00748nam a22002297a 4500
005 20250520121100.0
008 250520b |||||||| |||| 00| 0 eng d
020 _a978-1-350-22718-7 (pbk)
037 _cTB
040 _aCRL
_cCRL
041 _2eng
_aeng
084 _aL12:(R4) R3
_qTB
100 _aStammers, Trevor
_9809054
245 _aEthics of global organ acquisition:
_bMoral arguments about transplantation
260 _aLondon, UK:
_bBloomsbury Academic,
_c2023.
300 _ax, 258p.
365 _b21.99
_cUKP
650 _aMedicie
_9809055
650 _aEthics
_9784358
942 _2CC
_cTB
_hL12:(R4) R3
_n0
999 _c1428874
_d1428874